| 000 | 00674nam a2200205 a 4500 | ||
|---|---|---|---|
| 001 | 000043830 | ||
| 005 | 20201002045007.0 | ||
| 008 | 140506s1997 sp ac 000 0 spa d | ||
| 020 | _a849221502X | ||
| 040 |
_aDO-SdBNP _bspa _cBNPHU |
||
| 082 |
_a791.437 _bS211c |
||
| 100 | 1 |
_aSánchez Martín, Pablo _971686 |
|
| 245 | 1 | 0 |
_aCasablanca : _bguión original traducido y comentado / _cPablo Sánchez Martín. |
| 260 |
_aBarcelona : _bFilm Ideal, _c1997. |
||
| 300 |
_a222 p. : _bil.,retrs ; _c22 cm. |
||
| 500 | _aIncluye índice | ||
| 650 | 4 |
_aGuiones cinematográficos _961986 |
|
| 650 | 4 |
_aCine _xArgumentos,tramas,etc... _946406 |
|
| 910 | _aValidado. Control de calidad MFF | ||
| 999 |
_c43319 _d43319 |
||